Life lines pre - intermediate Student's book - work book

Sách bao gồm 14 bài học. Mỗi bài học được chia thành nhiều phần khác nhau: Ngữ pháp, từ vựng, luyện đọc, luyện nghe nói, phát âm...Giúp người học phát triển tất cả các kỹ năng

Guardat en:
Dades bibliogràfiques
Autor principal: Hutchinson, Tom
Altres autors: Hồng Đức (d. & gt)
Format: Llibre
Idioma:Undetermined
Publicat: H. Văn hóa Thông Tin 2011
Matèries:
Accés en línia:http://lrc.tdmu.edu.vn/opac/search/detail.asp?aID=2&ID=19799
Etiquetes: Afegir etiqueta
Sense etiquetes, Sigues el primer a etiquetar aquest registre!
Thư viện lưu trữ: Trung tâm Học liệu Trường Đại học Thủ Dầu Một
LEADER 00948nam a2200229Ia 4500
001 TDMU_19799
008 210410s9999 xx 000 0 und d
082 |a 428.076 
090 |b H522 
100 |a Hutchinson, Tom 
245 0 |a Life lines pre - intermediate 
245 0 |b Student's book - work book 
245 0 |c Tom Hutchinson 
260 |a H. 
260 |b Văn hóa Thông Tin 
260 |c 2011 
300 |a 107tr. 
520 |a Sách bao gồm 14 bài học. Mỗi bài học được chia thành nhiều phần khác nhau: Ngữ pháp, từ vựng, luyện đọc, luyện nghe nói, phát âm...Giúp người học phát triển tất cả các kỹ năng 
650 |a Tiếng Anh  |v Giáo trình 
700 |a Hồng Đức (d. & gt) 
856 |u http://lrc.tdmu.edu.vn/opac/search/detail.asp?aID=2&ID=19799 
980 |a Trung tâm Học liệu Trường Đại học Thủ Dầu Một